<?xml version="1.0" encoding="UTF-8"?><?xml-stylesheet type="text/xsl" href="static/style.xsl"?><OAI-PMH xmlns="http://www.openarchives.org/OAI/2.0/" xmlns:xsi="http://www.w3.org/2001/XMLSchema-instance" xsi:schemaLocation="http://www.openarchives.org/OAI/2.0/ http://www.openarchives.org/OAI/2.0/OAI-PMH.xsd"><responseDate>2026-06-03T08:26:25Z</responseDate><request verb="GetRecord" identifier="oai:riuma.uma.es:10630/12463" metadataPrefix="marc">https://riuma.uma.es/rest/oai/request</request><GetRecord><record><header><identifier>oai:riuma.uma.es:10630/12463</identifier><datestamp>2026-02-03T12:18:05Z</datestamp><setSpec>com_10630_2254</setSpec><setSpec>col_10630_37959</setSpec></header><metadata><record xmlns="http://www.loc.gov/MARC21/slim" xmlns:dcterms="http://purl.org/dc/terms/" xmlns:doc="http://www.lyncode.com/xoai" xmlns:xsi="http://www.w3.org/2001/XMLSchema-instance" xsi:schemaLocation="http://www.loc.gov/MARC21/slim http://www.loc.gov/standards/marcxml/schema/MARC21slim.xsd">
   <leader>00925njm 22002777a 4500</leader>
   <datafield ind2=" " ind1=" " tag="042">
      <subfield code="a">dc</subfield>
   </datafield>
   <datafield ind2=" " ind1=" " tag="720">
      <subfield code="a">Ciuc, Mihai A</subfield>
      <subfield code="e">author</subfield>
   </datafield>
   <datafield ind2=" " ind1=" " tag="260">
      <subfield code="c">2016-11-28</subfield>
   </datafield>
   <datafield ind2=" " ind1=" " tag="520">
      <subfield code="a">Cutaneous hemangioma is the most frequent benign tumor for children. This blood anomaly has a frequency of 10% for children and is more common for females than males. Infantile hemangioma appears soon after birth and, in general, after a period of evolution it regresses by itself. The hemangiomas appear with a high frequency on face and neck and, if they don’t regress completely, they may have psychological effects. Sometimes, depending on the size and location of the hemangioma (mainly on the face), a quick decision should be taken to proceed (or not) with surgery, so that the lesions do not cause permanent disfigurement of the patient. Yet, doctors do not know at the moment if, at a given moment of time, how much a hemangioma will progress in the near future. Therefore, an automatic monitoring system for the detection and evaluation of the evolution of hemangiomas would be a useful tool for physicians, helping them in their decision about treatment.&#xd;
The present lecture presents ongoing work on developing such a system. Based on a series of images of the same hemangioma acquired periodically (typically, one month passes between two successive medical controls for a single patient), we aim at firstly assessing the way the hemangioma evolves over time, and, secondly, at predicting its evolution in the near future. This involves segmenting the hemangioma area, which is made difficult by the variety of shapes and colors the tumor may take. Then, two parameters are computed for each hemangioma, namely, size and degree of redness, as being the factors of most significant importance for assessing the state of the tumor at a given time. A fuzzy system (which incorporates knowledge from experienced physicians) is then developed based on the two aforementioned parameters to assess the evolution of the tumor in time.</subfield>
   </datafield>
   <datafield ind1="8" ind2=" " tag="024">
      <subfield code="a">http://hdl.handle.net/10630/12463</subfield>
   </datafield>
   <datafield tag="653" ind2=" " ind1=" ">
      <subfield code="a">Aplicaciones informáticas - Uso en diagnóstico</subfield>
   </datafield>
   <datafield tag="653" ind2=" " ind1=" ">
      <subfield code="a">Hemangioma infantil</subfield>
   </datafield>
   <datafield ind2="0" ind1="0" tag="245">
      <subfield code="a">Methods of Prediction of Infantile Hemangioma Evolution</subfield>
   </datafield>
</record>
</metadata></record></GetRecord></OAI-PMH>